000 01296cam a22002174a 4500
005 20250605164139.0
008 250528s ||||||||||||||||||||||||d
035 _a18904
020 _a194313360
040 _aGR-AtMCL
_bgre
_dGR-AtMCL
_eAACR2
245 1 _aA Practical English Grammar / Third Edition
250 _a3rd
260 _bOxford University Press,
_c1982
300 _a372
520 _aAn intermediate level reference grammar for students of English as a foreign language. Articles, Nouns, Adjectives, Demonstrative and Disruptive and Quantitative Adjectives and Pronouns, Interrogative Adjectives and Pronouns and Adverbs, Possessive Adjectives and Personal and Other Pronouns, Relative Pronouns and Relative Clauses, Adverbs, Prepositions, Conjuctions, Introduction to Verbs, The Auxiliaries Be and Have and Do, May and Can, Myst and Have to and Need, The Auxiliariies Ought and Dare and Used, The Present Tenses, The Past and Perfect Tenses, The Future, The Sequence of Tenses, The Conditional, The Infinitive, The Gerund, The Participles, Commands and Requests and Advice, The Subjuctive, The Passive Voice, Irregular Verbs, Spelling Rules, Index.
700 1 _aMartinet A. V
_95189
700 1 _aThomson A. J
_95190
942 _cBK
999 _c4207
_d4207